Provisional report
Αποθηκεύτηκε σε:
| Συγγραφή απο Οργανισμό/Αρχή: | |
|---|---|
| Μορφή: | Κείμενο |
| Έκδοση: |
San José:
PCUP
|
| Ετικέτες: |
Προσθήκη ετικέτας
Δεν υπάρχουν, Καταχωρήστε ετικέτα πρώτοι!
|
MARC
| LEADER | 00000 a a2200000 04500 | ||
|---|---|---|---|
| 001 | 21553 | ||
| 003 | |||
| 040 | |||
| 090 | |a 095500 | ||
| 110 | |a Presidential Commission University for Peace | ||
| 245 | |a Provisional report | ||
| 260 | |a San José: |b PCUP | ||
| 300 | |a 28 p. | ||
| 999 | |c 2451 |d 2451 | ||
